00920ncm a22002295a 4500001001100000005001700011008004100028080001600069100004700085245005100132254002300183260004500206300003400251490006900285500002300354500011600377500002600493650002400519852001100543952011900554999001700673C00057334c20241029150429.0071016s1891 ddrsyb n 1 ger d a785.1.082.11 aBruckner, Joseph Anton (d1824-1896)9832210aSymphonie nº 5, B dur / cvon Anton Bruckner. a[Kleine Partitur]. aLeipzig : bErnst Eulenburg, c[d. 1891] aPartitura (216 p.) ; c19 cm.0 aEulenburg's kleine Orchester Partitur Ausgabe. Symphonien ; v63 aN. pl.: U.E. 3595. aFecha de publicación tomada de "The new Grove dictionary of music and musicians", vol. 6, Stanley Sadie 1980. aLegado Pérez Casas. aSinfonías.9144054 jM-2285 001040708MUSICAaRABASFbRABASFcDP1d2007-10-16eDl0oM-2285p1060565r2024-10-15 09:45:11w2024-10-15yPARTA c54217d54217